Využívání odborných informací : Metodická příručka pro lektory

Gespeichert in:
Bibliographische Detailangaben
Format: Buch
Sprache:Tschechisch
Veröffentlicht: Praha : UVTEI, 1983
Schlagworte:
Tags: Tag hinzufügen
Keine Tags, Fügen Sie das erste Tag hinzu!

MARC

LEADER 00000nam a22000003a 4500
001 stu44280
005 20150408180424.8
008 950220s1983----cs------------------cze-d
040 |a STU  |b slo 
041 0 |a cze 
044 |a cs 
245 |a Využívání odborných informací :  |b Metodická příručka pro lektory 
260 |a Praha :  |b UVTEI,  |c 1983 
300 |a 110 s 
650 7 |a Informácie odborné  |2 stusub 
650 7 |a príručky  |2 stusub 
996 |b 284M002896  |c M*4566-1  |l MMKN  |s A  |a 24  |w stu44280_0001